000 00634nam a2200181Ia 4500
008 090123s9999 xx 000 0 und d
082 _b13836
_a891.463/तिबिले
100 _aतिबिले अनंत दत्तत्रय
245 _aस्वप्न भंगले
250 _a1
260 _bमधुर प्रेस
300 _a216
600 _aतिबिले अनंत दत्तत्रय
630 _aस्वप्न भंगले
700 _aतिबिले अनंत दत्तत्रय
730 _aस्वप्न भंगले
942 _cBOOK
999 _c51898
_d51898